00692nam a22002297a 450000500170000001000130001702000100003003500130004003700160005304000120006908200110008110000240009224500390011626000340015527000110018930000200020065000270022065000180024794200200026599900190028595201580030420170124110127.0 aA-023344 c00.00 aA-023344 bCen Lib/Ret aDPLbEN aNbSHI aShiel, M. P.931670 aThe isle of lies /cby M. P. Shiel bVictor GollanczaLondonc1964 bLondon a250p.c18cm(Hb) aScience fiction931671 aFiction98901 2ddccENhNmSHI c131401d131401 04104070aLbLd2015-07-14eCen Lib/Retg0.00l0oN SHIpA-023344r2015-07-14 00:00:00t1v0.00w2015-07-14yENzW/d List No. 6859/13 ; dtd 04/08/2020